[Event "IECG CP.1998.P.00017"]
[Site "IECG email"]
[Date "1998.??.??"]
[Round "?"]
[White "Camponero, Ricardo"]
[Black "Tisseyre, Laurent"]
[Result "0-1"]
[WhiteElo "1018"]
[BlackElo "2100"]
[PlyCount "54"]
[EventDate "1998.10.01"]
[EventType "tourn (corr)"]
[EventRounds "6"]
[EventCountry "SUI"]
[SourceTitle "Corr 2008"]
[Source "ChessBase"]
[SourceDate "2008.06.24"]
[SourceVersion "1"]
[SourceVersionDate "2008.06.24"]
[SourceQuality "1"]

1. e4 c5 2. Nc3 Nc6 3. f4 g6 4. e5 Bg7 5. Nf3 d6 6. Bb5 Bd7 7. exd6 exd6 8. 0-0 Nge7 9. Re1 0-0 10. d3 a6 11. Bc4 Qc7 12. Bb3 Rae8 13. Be3 Na5 14. Qd2 Nxb3 15. axb3 Bc6 16. Ng5 Nf5 17. Bf2 Nd4 18. Nge4 f5 19. Ng3 b5 20. Rxa6 Qb7 21. Rxe8 Rxe8 22. Rxc6 Qxc6 23. Nce2 Nxe2+ 24. Nxe2 Qa8 25. c3 Qa1+ 26. Nc1 Ra8 27. Qc2 Ra2 0-1